000 00484nam a2200181Ia 4500
005 20250326124509.0
008 250326s9999 xx 000 0 und d
037 _aTextbook
040 _aFMSL
_beng
_cFMSL
041 _aeng
_2eng
084 _aX:8 L1
_qFMSL
100 _aGhiselli E E
_987371
245 0 _aExplorations in managerial talent
_cGhiselli E E
260 _aUSA
_bUSA, Goodyear
_c1971
300 _a166p
942 _cTB
_hX:8 L1
999 _c1273957
_d1273957